UM Logo

The developing child / (Record no. 6511)

MARC details
000 -LEADER
fixed length control field 00581nam a22001817a 4500
008 - FIXED-LENGTH DATA ELEMENTS--GENERAL INFORMATION
fixed length control field 170331b xxu||||| |||| 00| 0 eng d
020 ## - INTERNATIONAL STANDARD BOOK NUMBER
International Standard Book Number -673-99990-4
082 ## - DEWEY DECIMAL CLASSIFICATION NUMBER
Edition number 1997
Classification number DC 155.4
Item number B39
100 ## - MAIN ENTRY--PERSONAL NAME
9 (RLIN) 19692
Personal name Bee, Helen L.
Dates associated with a name 1939-
245 ## - TITLE STATEMENT
Title The developing child /
Statement of responsibility, etc. Helen Bee
250 ## - EDITION STATEMENT
Edition statement Eight Edition
260 ## - PUBLICATION, DISTRIBUTION, ETC. (IMPRINT)
Place of publication, distribution, etc. New York :
Name of publisher, distributor, etc. Longman,
Date of publication, distribution, etc. c1997.
300 ## - PHYSICAL DESCRIPTION
Extent xxviii, 561 pages :
Other physical details color illustrations ;
Dimensions 27 cm.
500 ## - GENERAL NOTE
General note Includes bibliographical references and indexes.
650 #0 - SUBJECT ADDED ENTRY--TOPICAL TERM
9 (RLIN) 19694
Topical term or geographic name as entry element Child psychology
650 #0 - SUBJECT ADDED ENTRY--TOPICAL TERM
9 (RLIN) 19695
Topical term or geographic name as entry element Child development
942 ## - ADDED ENTRY ELEMENTS (KOHA)
Source of classification or shelving scheme Dewey Decimal Classification
Koha item type Circulation
Holdings
Withdrawn status Lost status Source of classification or shelving scheme Damaged status Not for loan Collection code Home library Current library Shelving location Date acquired Source of acquisition Total Checkouts Full call number Barcode Date last seen Date last checked out Copy number Price effective from Koha item type
    Dewey Decimal Classification     Circulation UM Digos College - LIC UM Digos College - LIC Book Cart 08/09/2003 Donated 1 DC 155.4 B39 1997 15378 05/15/2025 12/07/2019 4 03/31/2017 Circulation
    Dewey Decimal Classification     Circulation UM Digos College - LIC UM Digos College - LIC Book Cart 08/09/2003 Donated 3 DC 155.4 B39 1997 15377 05/15/2025 12/12/2019 3 03/31/2017 Circulation
    Dewey Decimal Classification     Circulation UM Digos College - LIC UM Digos College - LIC Book Cart 08/09/2003 Donated 4 DC 155.4 B39 1997 15376 05/15/2025 12/14/2019 2 03/31/2017 Circulation
    Dewey Decimal Classification     Circulation UM Digos College - LIC UM Digos College - LIC Book Cart 08/09/2003 Donated 4 DC 155.4 B39 1997 15375 05/15/2025 12/14/2019 1 03/31/2017 Circulation